¿Es posible (des)encadenar la desigualdad de género en América Latina? /

El papel de las mujeres y de las relaciones de género se ha instalado en el debate público sobre la política social en América Latina. El detonante han sido los programas de transferencias condicionadas (TMC): dinero a cambio de que las madres envíen a sus niños/as a la escuela y a los controles de...

Mô tả đầy đủ

Đã lưu trong:
Chi tiết về thư mục
Tác giả chính: Martínez Franzoni, Juliana
Tác giả khác: Voorend, Koen
Định dạng: Texto
Những chủ đề:
Các nhãn: Thêm thẻ
Không có thẻ, Là người đầu tiên thẻ bản ghi này!

MARC

LEADER 00000 a a2200000 04500
001 43779
003
040
100 |a Martínez Franzoni, Juliana  
245 |a ¿Es posible (des)encadenar la desigualdad de género en América Latina? /  |c Juliana Martínez Franzoni, Koen Voorend  
520 4 |a El papel de las mujeres y de las relaciones de género se ha instalado en el debate público sobre la política social en América Latina. El detonante han sido los programas de transferencias condicionadas (TMC): dinero a cambio de que las madres envíen a sus niños/as a la escuela y a los controles de salud. Independientemente de si son efectivos o no y para qué, estos programas han puesto en el tapete la importancia del género como mediador de la relación entre Estado y sociedad (Molyneux, 2006). Para entender cómo estas relaciones tienen lugar y si contribuyen a la redistribución de las oportunidades y entre quiénes, los TMC y la política social en general, deben ubicarse en un marco másamplio de relaciones entre mercados laborales, política social y familias. Este artículo analiza los escenarios que proporcionan mayores grados de igualdad entre hombres y mujeres, por qué, y qué implicaciones tiene esto en las condiciones de vida de la población en 18 países de América Latina. 
590 |a DISEMINAR082012/RRA/OCTUBRE2012  
650 |a POLITICA SOCIAL  
650 |a MUJERES  
650 |a TRANSFERENCIAS MONETARIAS  
650 |a ANALISIS COMPARATIVO  
650 |a AMERICA LATINA  
700 |a Voorend, Koen  
773 |g páginas 143-152 : tablas, mapas  
999 |c 39681  |d 39681